[Event "GEO-ch Blitz (Women)"]
[Site "Tbilisi"]
[Date "2023.12.07"]
[Round "10"]
[White "Purtseladze, Maka"]
[Black "Khukhashvili, Sopiko"]
[Result "1/2-1/2"]
[WhiteElo "2261"]
[BlackElo "2314"]
[PlyCount "113"]
[EventDate "2023.12.05"]
[EventType "swiss (blitz)"]
[EventRounds "13"]
[EventCountry "GEO"]
[SourceTitle "CB50_2023"]
[SourceDate "2023.12.13"]
[SourceVersion "1"]
[SourceVersionDate "2023.12.13"]
[SourceQuality "1"]

1. d4 Nf6 2. Nc3 d5 3. Bf4 c6 4. e3 Bf5 5. f3 h6 6. g4 Bg6 7. Bd3 Bxd3 8. Qxd3 Na6 9. a3 e6 10. Nge2 Be7 11. h4 Bd6 12. 0-0-0 Nc7 13. Be5 Qe7 14. g5 Bxe5 15. dxe5 Nd7 16. f4 Nc5 17. Qd4 h5 18. b4 Nd7 19. Na4 Nb5 20. Qb2 a5 21. Nec3 axb4 22. axb4 Nc7 23. Qb3 b5 24. Nb2 Nb6 25. Ne2 g6 26. Nd4 Kd7 27. Kd2 Nc4+ 28. Nxc4 bxc4 29. Qc3 Rhb8 30. Ra1 Rxa1 31. Rxa1 Qxb4 32. Qxb4 Rxb4 33. Kc3 Rb7 34. Ra5 Nb5+ 35. Nxb5 cxb5 36. Kb4 Kc6 37. Ra8 d4 38. exd4 Kd5 39. c3 Ke4 40. Ra5 Kd3 41. Ra6 Ke4 42. Ra5 Kd3 43. Ra3 Ke4 44. Ra8 Kxf4 45. Ra5 Kg4 46. Rxb5 Rxb5+ 47. Kxb5 Kxh4 48. Kxc4 Kxg5 49. Kd3 Kf4 50. c4 h4 51. Ke2 Ke4 52. c5 Kd5 53. Kf3 g5 54. Kg4 Kc6 55. Kh3 Kd5 56. Kg4 Kc6 57. Kh3 1/2-1/2

[Event "GEO-ch Blitz (Women)"]
[Site "Tbilisi"]
[Date "2023.12.06"]
[Round "6"]
[White "Esadze, Tamari"]
[Black "Khukhashvili, Sopiko"]
[Result "0-1"]
[WhiteElo "1944"]
[BlackElo "2314"]
[PlyCount "68"]
[EventDate "2023.12.05"]
[EventType "swiss (blitz)"]
[EventRounds "13"]
[EventCountry "GEO"]
[SourceTitle "CB50_2023"]
[SourceDate "2023.12.13"]
[SourceVersion "1"]
[SourceVersionDate "2023.12.13"]
[SourceQuality "1"]

1. e4 c5 2. Nf3 g6 3. d4 Bg7 4. Nc3 cxd4 5. Nxd4 Nc6 6. Be3 Nf6 7. f3 d6 8. Qd2 Bd7 9. Bc4 Rc8 10. Bb3 Ne5 11. 0-0-0 Nc4 12. Bxc4 Rxc4 13. Kb1 0-0 14. h4 h5 15. Nb3 b5 16. Bh6 b4 17. Nd5 Nxd5 18. exd5 Bf5 19. Rc1 Qb6 20. Bxg7 Kxg7 21. g4 hxg4 22. h5 gxf3 23. hxg6 fxg6 24. Qh6+ Kf7 25. Rhe1 Qc7 26. Ka1 Ke8 27. Qe3 Bxc2 28. Nd4 f2 29. Rf1 Bd3 30. Rxc4 Qxc4 31. Nc6 Qe4 32. Qxe4 Bxe4 33. Nxb4 a5 34. Nc6 Bd3 0-1

[Event "Tbilisi Champions Cup"]
[Site "Tbilisi"]
[Date "2023.10.18"]
[Round "6"]
[White "Quparadze, Giga"]
[Black "Khukhashvili, Sopiko"]
[Result "1-0"]
[WhiteElo "2494"]
[BlackElo "2332"]
[PlyCount "167"]
[EventDate "2023.10.13"]
[EventType "swiss"]
[EventRounds "9"]
[EventCountry "GEO"]
[SourceTitle "Mega2024 Update 01"]
[Source "Chessbase"]
[SourceDate "2023.11.12"]
[SourceVersion "1"]
[SourceVersionDate "2023.11.12"]
[SourceQuality "1"]

1. e4 c5 2. Nf3 g6 3. c4 Nc6 4. d4 cxd4 5. Nxd4 Nf6 6. Nc3 Nxd4 7. Qxd4 d6 8. Be3 Bg7 9. f3 0-0 10. Qd2 Be6 11. Be2 Qa5 12. Rc1 Rfc8 13. b3 Nd7 14. 0-0 a6 15. Rfd1 Rab8 16. Ba7 Ra8 17. Bd4 Bxd4+ 18. Qxd4 Qc5 19. Qxc5 Rxc5 20. a4 Rac8 21. f4 f6 22. Kf2 R5c7 23. Ke3 Kf8 24. Rb1 Ke8 25. a5 Rb8 26. Rdc1 b6 27. axb6 Rxb6 28. b4 Kd8 29. Kd4 Bf7 30. f5 Ne5 31. Na4 Rb8 32. c5 dxc5+ 33. bxc5 Nc6+ 34. Ke3 Rb4 35. Rd1+ Ke8 36. Nb6 gxf5 37. exf5 Bb3 38. Bh5+ Kf8 39. Rd7 Rxd7 40. Nxd7+ Kg7 41. Bf3 Nd4 42. c6 Nxf5+ 43. Kf2 a5 44. Nc5 a4 45. c7 Nd6 46. Be2 Rf4+ 47. Ke3 Rf5 48. Rc1 Re5+ 49. Kf2 Rf5+ 50. Kg1 Bd5 51. Nxa4 Rg5 52. g3 Be6 53. Nb6 Nc8 54. Rc6 Bh3 55. Bf1 Bg4 56. h4 Re5 57. Nc4 Re4 58. Kf2 Bd7 59. Rc5 Be6 60. Bd3 Rd4 61. Be2 Re4 62. Nd2 Ra4 63. Nc4 Ra1 64. Ne3 Ra2 65. Ke1 Ra1+ 66. Kd2 Ra2+ 67. Nc2 Nd6 68. Bd3 Bc8 69. Ke3 Ra7 70. Nd4 Ra3 71. Kd2 Ra2+ 72. Nc2 Ra4 73. Ne3 Be6 74. Nd5 Nc8 75. Nf4 Bg4 76. Rc6 Bd7 77. Ra6 Rb4 78. Ra8 Rb7 79. Nd5 Nd6 80. Ba6 Rb2+ 81. Kc1 Ra2 82. Nxe7 Ra3 83. Nd5 Bc6 84. Rd8 1-0

[Event "Tbilisi Champions Cup"]
[Site "Tbilisi"]
[Date "2023.10.14"]
[Round "2"]
[White "Tabatadze, Erekle"]
[Black "Khukhashvili, Sopiko"]
[Result "1-0"]
[WhiteElo "1794"]
[BlackElo "2332"]
[PlyCount "99"]
[EventDate "2023.10.13"]
[EventType "swiss"]
[EventRounds "9"]
[EventCountry "GEO"]
[SourceTitle "Mega2024 Update 01"]
[Source "Chessbase"]
[SourceDate "2023.11.12"]
[SourceVersion "1"]
[SourceVersionDate "2023.11.12"]
[SourceQuality "1"]

1. d4 e5 2. dxe5 d6 3. exd6 Nc6 4. Nf3 Bxd6 5. g3 Bf5 6. Bg2 Qe7 7. 0-0 0-0-0 8. Nbd2 Nf6 9. e3 Bc5 10. a3 Ne4 11. Nh4 Nxd2 12. Nxf5 Qf6 13. Bxd2 Qxf5 14. b4 Be7 15. Bxc6 bxc6 16. e4 Qe6 17. Qe2 Kb7 18. Bc3 h5 19. Rad1 Rxd1 20. Rxd1 f6 21. f4 g6 22. Kh1 Re8 23. a4 Bd6 24. Re1 h4 25. Kg1 hxg3 26. hxg3 g5 27. f5 Qd7 28. Qd3 Rh8 29. Re2 Qh7 30. Qf3 g4 31. Qg2 Qf7 32. Re3 Rh6 33. a5 a6 34. Qe2 Qh5 35. Qg2 Qf7 36. Qe2 Qa2 37. Qd1 Qg8 38. Qf1 Qf7 39. Bd4 Rh3 40. Kg2 Qa2 41. Qd1 Qg8 42. Bxf6 Qh7 43. Bh4 Qg7 44. f6 Qg6 45. e5 Bxb4 46. Qd3 Qh6 47. e6 Qh5 48. e7 Qxa5 49. e8Q Qa1 50. Re1 1-0

[Event "GEO-ch Rapid (Women)"]
[Site "Tbilisi"]
[Date "2023.01.27"]
[Round "4"]
[White "Khukhashvili, Sopiko"]
[Black "Javakhishvili, Lela"]
[Result "1/2-1/2"]
[WhiteElo "2332"]
[BlackElo "2440"]
[PlyCount "63"]
[EventDate "2023.01.26"]
[EventType "swiss (rapid)"]
[EventRounds "9"]
[EventCountry "GEO"]
[SourceTitle "EXT 2024"]
[Source "ChessBase"]
[SourceDate "2023.10.10"]
[SourceVersion "1"]
[SourceVersionDate "2023.10.10"]
[SourceQuality "1"]

1. e4 c5 2. Nf3 Nc6 3. c3 d5 4. e5 d4 5. Bc4 e6 6. 0-0 Nge7 7. d3 Ng6 8. Qe2 Be7 9. g3 b6 10. Bb5 Bb7 11. Nbd2 dxc3 12. bxc3 0-0 13. h4 Qc7 14. d4 cxd4 15. cxd4 Bb4 16. Ne4 a6 17. Bd3 Rfd8 18. Bb2 h6 19. h5 Nf8 20. g4 Be7 21. Rac1 Qd7 22. a3 Nh7 23. Qe3 b5 24. Bb1 Na5 25. Nfd2 Rac8 26. Qd3 Qd5 27. f3 Nf8 28. Qe3 Nh7 29. Qd3 Nf8 30. Qe3 Nh7 31. Qd3 Nf8 32. Qe3 1/2-1/2

[Event "GEO-ch Rapid (Women)"]
[Site "Tbilisi"]
[Date "2023.01.26"]
[Round "1"]
[White "Khukhashvili, Sopiko"]
[Black "Koridze, Lile"]
[Result "1-0"]
[WhiteElo "2332"]
[BlackElo "2139"]
[PlyCount "55"]
[EventDate "2023.01.26"]
[EventType "swiss (rapid)"]
[EventRounds "9"]
[EventCountry "GEO"]
[SourceTitle "EXT 2024"]
[Source "ChessBase"]
[SourceDate "2023.10.10"]
[SourceVersion "1"]
[SourceVersionDate "2023.10.10"]
[SourceQuality "1"]

1. e4 c5 2. Nf3 d6 3. d4 cxd4 4. Qxd4 Nc6 5. Bb5 Bd7 6. Bxc6 Bxc6 7. Nc3 Nf6 8. Bg5 e6 9. 0-0-0 Be7 10. Qd3 0-0 11. Nd4 d5 12. e5 Nd7 13. Bxe7 Qxe7 14. f4 Nc5 15. Qe3 Bd7 16. Rhf1 f5 17. exf6 Qxf6 18. g3 Rfe8 19. Nf3 b6 20. Ne5 Red8 21. f5 Rac8 22. Ng4 Qf7 23. f6 Kh8 24. Ne5 Qf8 25. fxg7+ Qxg7 26. Rf7 Qg8 27. Qh6 Rf8 28. Qf6+ 1-0

[Event "GEO-ch Rapid (Women)"]
[Site "Tbilisi"]
[Date "2023.01.26"]
[Round "2"]
[White "Khurtsilava, Inga"]
[Black "Khukhashvili, Sopiko"]
[Result "1/2-1/2"]
[WhiteElo "2222"]
[BlackElo "2332"]
[PlyCount "231"]
[EventDate "2023.01.26"]
[EventType "swiss (rapid)"]
[EventRounds "9"]
[EventCountry "GEO"]
[SourceTitle "EXT 2024"]
[Source "ChessBase"]
[SourceDate "2023.10.10"]
[SourceVersion "1"]
[SourceVersionDate "2023.10.10"]
[SourceQuality "1"]

1. c4 e5 2. Nc3 Bb4 3. g3 Bxc3 4. dxc3 d6 5. Bg2 Ne7 6. Qc2 Nbc6 7. Be3 Be6 8. b3 a5 9. Rd1 Qc8 10. a4 0-0 11. h4 f5 12. Nh3 h6 13. Bd5 Nb8 14. f4 Na6 15. Qd2 Rf6 16. h5 Nxd5 17. cxd5 Bd7 18. Ng1 Qe8 19. Nf3 e4 20. Nh4 Qxh5 21. Kf2 b6 22. Bd4 Rff8 23. Ng2 Qg6 24. Ne3 Nc5 25. Qc2 Nb7 26. c4 Nc5 27. Rh4 Kf7 28. Rdh1 Ke7 29. Qc3 Rg8 30. Rh5 Qf7 31. Ke1 Kd8 32. Kd2 Kc8 33. Kc2 Kb7 34. Kb2 Qg6 35. R1h3 Ka6 36. Ka3 Raf8 37. Qa1 Be8 38. Qh1 Bd7 39. Qh2 Qe8 40. Qh1 Qc8 41. Qd1 Be8 42. R5h4 Qd7 43. Rh1 Rf7 44. g4 fxg4 45. Rxg4 Rff8 46. f5 Rxf5 47. Nxf5 Qxf5 48. Rxg7 Rxg7 49. Bxg7 h5 50. Bd4 Qg4 51. Rg1 Qh3 52. e3 Nd3 53. Qf1 Qh2 54. Qg2 Qh4 55. Qg5 Qf2 56. Qg2 Kb7 57. Qxf2 Nxf2 58. Rg2 Ng4 59. Rg3 Bf7 60. Kb2 Kc8 61. Kc2 Kd7 62. Kd2 Ke7 63. Ke2 Bg6 64. Kf1 Bf5 65. Kg1 Kf7 66. Rg2 h4 67. Rb2 h3 68. b4 axb4 69. Rxb4 Kg6 70. Rb1 Kg5 71. Rf1 Bd7 72. Rf7 Bxa4 73. Rg7+ Kh4 74. Bc3 Kg3 75. Be1+ Kf3 76. Rf7+ Kxe3 77. Rg7 Ne5 78. Bf2+ Ke2 79. Bg3 Nf3+ 80. Kh1 e3 81. Rxc7 Bc2 82. Re7 Kd3 83. Bf4 e2 84. Re3+ Kxc4 85. Rxe2 Bd3 86. Rf2 Be4 87. Bxd6 Kxd5 88. Bc7 b5 89. Rb2 Kc4 90. Bd6 Bd5 91. Rb4+ Kd3 92. Rb2 Bc4 93. Rf2 Ke4 94. Rb2 Bf1 95. Rf2 Bd3 96. Rb2 Kd5 97. Be7 Ke6 98. Bf8 Kf5 99. Rb3 Ne5 100. Kh2 Kg4 101. Bd6 Nf3+ 102. Kh1 Bf1 103. Rb2 Bc4 104. Bc7 Kf5 105. Bd6 Ke4 106. Be7 Kd3 107. Bc5 Bd5 108. Bd6 Bc6 109. Rf2 Kc3 110. Be7 b4 111. Bxb4+ Kxb4 112. Rb2+ Ka3 113. Ra2+ Kb3 114. Rb2+ Kc4 115. Rc2+ Kd5 116. Rxc6 1/2-1/2

[Event "TUR-chT"]
[Site "Ankara"]
[Date "2022.08.27"]
[Round "13.4"]
[White "Badelka, Olga"]
[Black "Khukhashvili, Sopiko"]
[Result "1-0"]
[WhiteElo "2437"]
[BlackElo "2334"]
[PlyCount "135"]
[EventDate "2022.08.16"]
[EventType "team-tourn"]
[EventRounds "13"]
[EventCountry "TUR"]
[SourceTitle "CBM 209 Extra"]
[Source "ChessBase"]
[SourceDate "2022.09.30"]
[SourceVersion "1"]
[SourceVersionDate "2022.09.30"]
[SourceQuality "1"]
[WhiteTeam "Bayegan Pendik"]
[BlackTeam "Hatay Buyuksehir"]
[WhiteTeamCountry "TUR"]
[BlackTeamCountry "TUN"]

1. d4 Nf6 2. c4 e6 3. Nc3 Bb4 4. e3 b6 5. Nge2 Bb7 6. a3 Bxc3+ 7. Nxc3 Ne4 8. Nxe4 Bxe4 9. Qg4 Bg6 10. h4 h5 11. Qg3 d6 12. Be2 Nd7 13. Bd2 Qe7 14. Bc3 Rc8 15. 0-0 c5 16. d5 exd5 17. Rad1 Nf6 18. Bxf6 Qxf6 19. Rxd5 Rd8 20. Rfd1 Ke7 21. Bf3 Bf5 22. e4 Bg4 23. Bxg4 hxg4 24. h5 g6 25. hxg6 Qxg6 26. e5 Qh6 27. Kf1 Qe6 28. exd6+ Kd7 29. Kg1 Rde8 30. f4 Qe2 31. R5d2 Qe3+ 32. Qxe3 Rxe3 33. Rd5 Rh6 34. Re5 Rxe5 35. fxe5 Re6 36. Rd5 g3 37. Kf1 f6 38. Ke2 fxe5 39. Rd3 Rg6 40. Kf3 Rf6+ 41. Kxg3 e4 42. Rd1 a6 43. a4 Rf7 44. Re1 Rg7+ 45. Kh2 Rh7+ 46. Kg1 Rh4 47. g3 Rg4 48. Kg2 e3 49. b3 b5 50. Kf3 Rd4 51. axb5 axb5 52. cxb5 Kxd6 53. Rxe3 Rb4 54. g4 Rxb5 55. Kf4 Rb8 56. g5 Rc8 57. g6 c4 58. bxc4 Rxc4+ 59. Kf5 Rc1 60. g7 Rg1 61. Kf6 Rf1+ 62. Kg6 Rg1+ 63. Kf7 Rf1+ 64. Kg8 Rh1 65. Re4 Kd5 66. Re7 Kd6 67. Kf8 Rg1 68. Rf7 1-0

[Event "TUR-chT"]
[Site "Ankara"]
[Date "2022.08.26"]
[Round "12.3"]
[White "Khukhashvili, Sopiko"]
[Black "Aydin, Gulenay"]
[Result "1-0"]
[WhiteElo "2334"]
[BlackElo "2202"]
[PlyCount "85"]
[EventDate "2022.08.16"]
[EventType "team-tourn"]
[EventRounds "13"]
[EventCountry "TUR"]
[SourceTitle "CBM 209 Extra"]
[Source "ChessBase"]
[SourceDate "2022.09.30"]
[SourceVersion "1"]
[SourceVersionDate "2022.09.30"]
[SourceQuality "1"]
[WhiteTeam "Hatay Buyuksehir"]
[BlackTeam "Bursa Buyuksehir"]
[WhiteTeamCountry "TUN"]
[BlackTeamCountry "TUR"]

1. f4 Nf6 2. Nf3 g6 3. b3 Bg7 4. Bb2 0-0 5. g3 c5 6. Bg2 Nc6 7. e3 d6 8. Qe2 Rb8 9. Nh4 e6 10. Nc3 Bd7 11. 0-0 Ne8 12. Nd1 Bxb2 13. Nxb2 f5 14. c3 Nf6 15. d4 cxd4 16. exd4 Re8 17. Nd3 b5 18. Nf3 Qb6 19. b4 Nd8 20. Nf2 Bc6 21. Rfc1 Nf7 22. Re1 Rbc8 23. Rac1 Qb7 24. Nh4 Bxg2 25. Nxg2 e5 26. Qd2 e4 27. Ne3 d5 28. Re2 Nd6 29. Qe1 Nd7 30. g4 Nb6 31. gxf5 gxf5 32. Nh3 Nbc4 33. Rg2+ Kh8 34. Qh4 Rf8 35. Re1 Nd2 36. Qh6 Nf3+ 37. Kf2 Nc4 38. Nxd5 Rf7 39. Qe6 Nxe1 40. Kxe1 Rcf8 41. Ng5 Rg7 42. Qh6 Rfg8 43. Nxh7 1-0

[Event "TUR-chT"]
[Site "Ankara"]
[Date "2022.08.25"]
[Round "11.3"]
[White "Abdulla, Khayala Mardan Qizi"]
[Black "Khukhashvili, Sopiko"]
[Result "0-1"]
[WhiteElo "2183"]
[BlackElo "2334"]
[PlyCount "74"]
[EventDate "2022.08.16"]
[EventType "team-tourn"]
[EventRounds "13"]
[EventCountry "TUR"]
[SourceTitle "CBM 209 Extra"]
[Source "ChessBase"]
[SourceDate "2022.09.30"]
[SourceVersion "1"]
[SourceVersionDate "2022.09.30"]
[SourceQuality "1"]
[WhiteTeam "Darassufaka Spor"]
[BlackTeam "Hatay Buyuksehir"]
[WhiteTeamCountry "TUR"]
[BlackTeamCountry "TUN"]

1. e4 c5 2. Nf3 g6 3. d4 cxd4 4. Qxd4 Nf6 5. Nc3 Nc6 6. Qa4 d6 7. e5 dxe5 8. Nxe5 Bd7 9. Nxd7 Qxd7 10. Bb5 Bg7 11. 0-0 0-0 12. Be3 Rfc8 13. Rad1 Qf5 14. h3 a6 15. Bd3 Qh5 16. Be2 Qf5 17. g4 Qe5 18. Bf4 Qc5 19. Be3 Qe5 20. Bb6 g5 21. Rfe1 e6 22. Bf3 Qb8 23. Re3 Ne5 24. Be2 h6 25. h4 gxh4 26. f4 Ng6 27. f5 Nf8 28. fxe6 Nxe6 29. Bf3 h3 30. Ne2 Ng5 31. Bh1 Re8 32. Qb3 Nxg4 33. Rxe8+ Qxe8 34. Ng3 Qe5 35. Bd4 Qf4 36. Bb6 Be5 37. Rf1 Bd4+ 0-1

[Event "TUR-chT"]
[Site "Ankara"]
[Date "2022.08.24"]
[Round "9.2"]
[White "Anacoglu, Cisel"]
[Black "Khukhashvili, Sopiko"]
[Result "0-1"]
[WhiteElo "1753"]
[BlackElo "2334"]
[PlyCount "88"]
[EventDate "2022.08.16"]
[EventType "team-tourn"]
[EventRounds "13"]
[EventCountry "TUR"]
[SourceTitle "CBM 209 Extra"]
[Source "ChessBase"]
[SourceDate "2022.09.30"]
[SourceVersion "1"]
[SourceVersionDate "2022.09.30"]
[SourceQuality "1"]
[WhiteTeam "Gokyay Vakfi"]
[BlackTeam "Hatay Buyuksehir"]
[WhiteTeamCountry "TUR"]
[BlackTeamCountry "TUN"]

1. e4 c5 2. Nf3 g6 3. d4 Bg7 4. dxc5 Qa5+ 5. c3 Qxc5 6. Be3 Qc7 7. Nbd2 Nc6 8. Bd3 Nf6 9. h3 d5 10. 0-0 0-0 11. Re1 h6 12. e5 Ne8 13. Bf4 e6 14. Nf1 Qe7 15. Qd2 g5 16. Bh2 f5 17. exf6 Nxf6 18. b4 a6 19. a4 Rd8 20. Qc2 Nh5 21. Ng3 Nf4 22. Nf5 Qf6 23. Nxg7 Kxg7 24. b5 axb5 25. Bxb5 Na7 26. Bf1 Bd7 27. Ne5 Rac8 28. Qb2 Nc6 29. Ng4 Qf7 30. Bb5 h5 31. Bxc6 hxg4 32. c4+ Kg6 33. Bxf4 Rxc6 34. cxd5 exd5 35. Be5 gxh3 36. Qxb7 hxg2 37. a5 Qh7 38. f3 Rc2 39. Qb6+ Bc6 40. Bh2 Rh8 41. Re6+ Kf5 42. Rf6+ Kxf6 43. Qd4+ Kg6 44. Qd3+ Kf7 0-1

[Event "POL-GEO m (Women) Blitz"]
[Site "Tornelo INT"]
[Date "2020.11.22"]
[Round "10"]
[White "Khukhashvili, Sopiko"]
[Black "Cyfka, Karina"]
[Result "0-1"]
[WhiteElo "2334"]
[BlackElo "2415"]
[PlyCount "62"]
[EventDate "2020.11.22"]
[EventType "team-match (blitz)"]
[EventRounds "12"]
[EventCountry "GEO"]
[SourceTitle "CBM 199 Extra"]
[Source "ChessBase"]
[SourceDate "2021.01.31"]
[SourceVersion "1"]
[SourceVersionDate "2021.01.31"]
[SourceQuality "1"]
[WhiteTeam "Georgia"]
[BlackTeam "Poland"]
[WhiteTeamCountry "GEO"]
[BlackTeamCountry "POL"]

1. e4 e5 2. d4 exd4 3. Qxd4 Nc6 4. Qe3 Nf6 5. Nc3 Bb4 6. Bd2 0-0 7. 0-0-0 Re8 8. Qg3 Rxe4 9. Bd3 Rg4 10. Qh3 d5 11. f3 Rg6 12. g4 d4 13. Bxg6 hxg6 14. Ne4 Qd5 15. Nxf6+ gxf6 16. Bxb4 Nxb4 17. a3 Nc6 18. Ne2 Qa2 19. Qg3 Be6 20. Nf4 Bc4 21. g5 Qa1+ 22. Kd2 Qxb2 23. Rb1 Qc3+ 24. Kd1 d3 25. cxd3 Bxd3 26. Rc1 Qb3+ 27. Kd2 Rd8 28. Ke1 Qxa3 29. Rd1 Qc3+ 30. Kf2 Qc2+ 31. Ke3 Re8+ 0-1

[Event "POL-GEO m (Women) Blitz"]
[Site "Tornelo INT"]
[Date "2020.11.22"]
[Round "11"]
[White "Kulon, Klaudia"]
[Black "Khukhashvili, Sopiko"]
[Result "1-0"]
[WhiteElo "2347"]
[BlackElo "2334"]
[PlyCount "65"]
[EventDate "2020.11.22"]
[EventType "team-match (blitz)"]
[EventRounds "12"]
[EventCountry "GEO"]
[SourceTitle "CBM 199 Extra"]
[Source "ChessBase"]
[SourceDate "2021.01.31"]
[SourceVersion "1"]
[SourceVersionDate "2021.01.31"]
[SourceQuality "1"]
[WhiteTeam "Poland"]
[BlackTeam "Georgia"]
[WhiteTeamCountry "POL"]
[BlackTeamCountry "GEO"]

1. d4 Nf6 2. Bg5 e6 3. Nd2 h6 4. Bh4 g5 5. Bg3 d6 6. e3 Bg7 7. Bd3 Qe7 8. c4 Nbd7 9. h4 g4 10. h5 b6 11. Ne2 Bb7 12. e4 c5 13. Qa4 cxd4 14. Bh4 0-0 15. Nxd4 d5 16. cxd5 exd5 17. Nf5 Qe5 18. Nxg7 dxe4 19. Be2 Kxg7 20. Nc4 Qe6 21. 0-0 Nxh5 22. Rad1 Nc5 23. Qa3 Nf4 24. Rfe1 Nfd3 25. Bxd3 Nxd3 26. Qc3+ Kh7 27. Rxd3 Rac8 28. Rd6 Rxc4 29. Qd2 Qf5 30. Qxh6+ Kg8 31. Bf6 Qh7 32. Qxf8+ Kxf8 33. Rd8# 1-0

[Event "POL-GEO m (Women) Rapid"]
[Site "Tornelo INT"]
[Date "2020.11.20"]
[Round "5"]
[White "Khukhashvili, Sopiko"]
[Black "Cyfka, Karina"]
[Result "1/2-1/2"]
[WhiteElo "2334"]
[BlackElo "2415"]
[PlyCount "125"]
[EventDate "2020.11.20"]
[EventType "team-match (rapid)"]
[EventRounds "12"]
[EventCountry "GEO"]
[SourceTitle "CBM 199 Extra"]
[Source "ChessBase"]
[SourceDate "2021.01.31"]
[SourceVersion "1"]
[SourceVersionDate "2021.01.31"]
[SourceQuality "1"]
[WhiteTeam "Georgia"]
[BlackTeam "Poland"]
[WhiteTeamCountry "GEO"]
[BlackTeamCountry "POL"]

1. e4 e5 2. d4 exd4 3. Qxd4 Nc6 4. Qe3 Nf6 5. Nc3 Bb4 6. Bd2 0-0 7. 0-0-0 Re8 8. Qg3 Rxe4 9. a3 Rg4 10. Qh3 Bf8 11. f3 Rg6 12. Bd3 d5 13. g4 d4 14. Nce2 Qd5 15. Kb1 Be6 16. Nc1 Nxg4 17. Bxg6 hxg6 18. fxg4 Qxh1 19. Re1 Qd5 20. Nf3 Be7 21. Qg3 Rc8 22. Bf4 Qb5 23. Ne5 Nxe5 24. Bxe5 c5 25. h4 Qd7 26. h5 Bxg4 27. hxg6 fxg6 28. Nd3 c4 29. Nf4 d3 30. Bc3 d2 31. Bxd2 Qxd2 32. Rxe7 Bf5 33. Qc3 Qxc3 34. bxc3 Rb8 35. Rc7 b5 36. Rxa7 Rd8 37. Kc1 Re8 38. Rb7 Re4 39. Nd5 Re1+ 40. Kd2 Rf1 41. Rxb5 Rf2+ 42. Ke3 Rxc2 43. Kd4 Bd3 44. Nf4 Rd2 45. Nxd3 cxd3 46. Ke3 Ra2 47. Kxd3 Rxa3 48. Kd4 Kf7 49. c4 Ke6 50. Rb6+ Kf5 51. Rb5+ Kf4 52. Rb7 g5 53. Rf7+ Kg3 54. Rxg7 g4 55. c5 Ra1 56. c6 Rc1 57. Kd5 Kf3 58. Kd6 g3 59. c7 g2 60. Kd7 Kf2 61. Rxg2+ Kxg2 62. c8Q Rxc8 63. Kxc8 1/2-1/2

[Event "POL-GEO m (Women) Rapid"]
[Site "Tornelo INT"]
[Date "2020.11.20"]
[Round "2"]
[White "Khukhashvili, Sopiko"]
[Black "Socko, Monika"]
[Result "0-1"]
[WhiteElo "2334"]
[BlackElo "2421"]
[PlyCount "134"]
[EventDate "2020.11.20"]
[EventType "team-match (rapid)"]
[EventRounds "12"]
[EventCountry "GEO"]
[SourceTitle "CBM 199 Extra"]
[Source "ChessBase"]
[SourceDate "2021.01.31"]
[SourceVersion "1"]
[SourceVersionDate "2021.01.31"]
[SourceQuality "1"]
[WhiteTeam "Georgia"]
[BlackTeam "Poland"]
[WhiteTeamCountry "GEO"]
[BlackTeamCountry "POL"]

1. e4 c6 2. d4 d5 3. exd5 cxd5 4. c4 Nf6 5. Nc3 e6 6. Nf3 Bb4 7. cxd5 Nxd5 8. Bd2 Nc6 9. Bd3 Be7 10. 0-0 0-0 11. a3 Nf6 12. Bg5 Nd5 13. h4 h6 14. Bxe7 Ncxe7 15. Re1 Bd7 16. Bc2 Nxc3 17. Qd3 Ng6 18. bxc3 Re8 19. h5 Nf8 20. Ne5 Bc6 21. Nxc6 bxc6 22. Re5 Rb8 23. Qe4 Rb2 24. Bd3 Qf6 25. Rf1 Reb8 26. Qxc6 Rd2 27. Rb5 Rxb5 28. Qxb5 Qf4 29. a4 Qc7 30. Bc4 Nd7 31. a5 Nf6 32. Rb1 Nd7 33. g3 Rc2 34. Qb3 Rd2 35. Bf1 Qxa5 36. Qb7 Qf5 37. Bg2 Qxf2+ 38. Kh1 Qxg3 39. Qa8+ Kh7 40. Qf3 Qh4+ 41. Kg1 Nf6 42. Rf1 Ng4 43. Qh3 Qg5 44. Re1 f5 45. Qg3 Qxh5 46. Rxe6 Rd1+ 47. Bf1 Nh2 48. Re7 Rxf1+ 49. Kg2 Qf3+ 50. Qxf3 Rxf3 51. Rc7 Rd3 52. Kxh2 a5 53. Rc5 a4 54. Rxf5 Rxc3 55. Ra5 Rc4 56. d5 Rd4 57. Kg3 h5 58. Kf3 h4 59. Ke3 h3 60. Kf2 g5 61. Kg3 Rd3+ 62. Kh2 Kg6 63. Rxa4 Kf5 64. Ra8 g4 65. Rf8+ Ke4 66. Rg8 Rd2+ 67. Kg1 Kf3 0-1

[Event "POL-GEO m (Women) Rapid"]
[Site "Tornelo INT"]
[Date "2020.11.20"]
[Round "1"]
[White "Rajlich, Iweta"]
[Black "Khukhashvili, Sopiko"]
[Result "0-1"]
[WhiteElo "2394"]
[BlackElo "2334"]
[PlyCount "114"]
[EventDate "2020.11.20"]
[EventType "team-match (rapid)"]
[EventRounds "12"]
[EventCountry "GEO"]
[SourceTitle "CBM 199 Extra"]
[Source "ChessBase"]
[SourceDate "2021.01.31"]
[SourceVersion "1"]
[SourceVersionDate "2021.01.31"]
[SourceQuality "1"]
[WhiteTeam "Poland"]
[BlackTeam "Georgia"]
[WhiteTeamCountry "POL"]
[BlackTeamCountry "GEO"]

1. d4 Nf6 2. Nf3 e6 3. g3 b5 4. Bg2 Bb7 5. Nc3 b4 6. Na4 Na6 7. a3 bxa3 8. bxa3 c5 9. Rb1 Bc6 10. Nxc5 Nxc5 11. dxc5 Qa5+ 12. Qd2 Qa6 13. Qd4 Qa5+ 14. Qb4 Qxc5 15. Qxc5 Bxc5 16. 0-0 Ke7 17. Ne5 Bxg2 18. Kxg2 Rab8 19. Rb3 a5 20. Rd1 h6 21. Rbd3 Rb7 22. Nc4 a4 23. Bf4 d5 24. Na5 Rb6 25. Bc7 Ra6 26. Rb1 Ne8 27. Rb7 Nxc7 28. Rxc7+ Kd6 29. Rxf7 Rxa5 30. Rxg7 Rf8 31. f4 Rb5 32. Kf3 Rb2 33. c4 d4 34. h4 Rb3 35. g4 Rxd3+ 36. exd3 Bxa3 37. Ra7 Bc1 38. Ra6+ Kc5 39. Rxa4 Bxf4 40. Ke4 e5 41. Ra7 Kb4 42. Rg7 Bg3 43. g5 Rf4+ 44. Kd5 Rxh4 45. gxh6 Bf4 46. h7 Kc3 47. c5 Kxd3 48. c6 e4 49. Rf7 Bh2 50. Ra7 Rh5+ 51. Ke6 Rh6+ 52. Kd5 Rh5+ 53. Ke6 e3 54. Kf6 e2 55. Kg6 Rxh7 56. Rxh7 e1Q 57. Rxh2 Qg3+ 0-1

[Event "Gaprindashvili Cup (Women) 3rd"]
[Site "Tornelo INT"]
[Date "2020.11.12"]
[Round "4.1"]
[White "Arabidze, Meri"]
[Black "Khukhashvili, Sopiko"]
[Result "1-0"]
[WhiteElo "2437"]
[BlackElo "2334"]
[PlyCount "89"]
[EventDate "2020.11.12"]
[EventType "k.o. (rapid)"]
[EventRounds "4"]
[EventCountry "GEO"]
[SourceTitle "CBM 199 Extra"]
[Source "ChessBase"]
[SourceDate "2021.01.31"]
[SourceVersion "1"]
[SourceVersionDate "2021.01.31"]
[SourceQuality "1"]

1. Nf3 Nf6 2. c4 e6 3. g3 a6 4. Bg2 b5 5. d3 c5 6. e4 d6 7. Nc3 b4 8. e5 bxc3 9. exf6 gxf6 10. bxc3 Bg7 11. 0-0 Qc7 12. Rb1 Ra7 13. Bf4 Nc6 14. Qd2 0-0 15. d4 e5 16. Bh6 Na5 17. Bxg7 Kxg7 18. dxe5 dxe5 19. Qe2 Be6 20. Nd2 Rd8 21. Bd5 f5 22. Qh5 h6 23. Nf3 Nxc4 24. Bxc4 Bxc4 25. Nh4 Be6 26. Nxf5+ Bxf5 27. Qxf5 Re8 28. Rfe1 Re6 29. Re4 Qd6 30. h4 Rd7 31. h5 Kf8 32. Qh7 Ke7 33. Qg7 Qd3 34. Rbe1 Qxc3 35. Kg2 Rd5 36. R1e3 Qc2 37. Qh7 Rd2 38. Rf3 Re2 39. Rxf7+ Kd6 40. Rd7+ Kc6 41. Rc7+ Kd5 42. Rd7+ Kc6 43. Rxe2 Qxe2 44. Ra7 Kd5 45. Qb7+ 1-0